Data abstraction and problem solving with Java : (Record no. 50214)
[ view plain ]
| 000 -LEADER | |
|---|---|
| fixed length control field | 01005cam a2200289 a 4500 |
| 001 - CONTROL NUMBER | |
| control field | 13225980 |
| 003 - CONTROL NUMBER IDENTIFIER | |
| control field | OSt |
| 005 - DATE AND TIME OF LATEST TRANSACTION | |
| control field | 20170503152211.0 |
| 008 - FIXED-LENGTH DATA ELEMENTS--GENERAL INFORMATION | |
| fixed length control field | 030605s2004 maua 001 0 eng |
| 010 ## - LIBRARY OF CONGRESS CONTROL NUMBER | |
| LC control number | 2003052066 |
| 020 ## - INTERNATIONAL STANDARD BOOK NUMBER | |
| International Standard Book Number | 9780321197177 |
| 040 ## - CATALOGING SOURCE | |
| Original cataloging agency | DLC |
| Transcribing agency | DLC |
| Modifying agency | DLC |
| 050 00 - LIBRARY OF CONGRESS CALL NUMBER | |
| Classification number | QA76.73.J3 |
| Item number | C37 2003 |
| 082 00 - DEWEY DECIMAL CLASSIFICATION NUMBER | |
| Classification number | 005.13/3 |
| Edition number | 21 |
| 100 1# - MAIN ENTRY--PERSONAL NAME | |
| Personal name | Carrano, Frank M. |
| 245 10 - TITLE STATEMENT | |
| Title | Data abstraction and problem solving with Java : |
| Remainder of title | walls and mirrors / |
| Statement of responsibility, etc | Frank M. Carrano, Janet J. Prichard. |
| 250 ## - EDITION STATEMENT | |
| Edition statement | Updated ed. |
| 260 ## - PUBLICATION, DISTRIBUTION, ETC. (IMPRINT) | |
| Place of publication, distribution, etc | Boston [Mass.] : |
| Name of publisher, distributor, etc | Pearson/Addison Wesley, |
| Date of publication, distribution, etc | 2004. |
| 300 ## - PHYSICAL DESCRIPTION | |
| Extent | xxii, 808 p. : |
| Other physical details | ill. ; |
| Dimensions | 26 cm. |
| 500 ## - GENERAL NOTE | |
| General note | Includes index. |
| 650 #0 - SUBJECT ADDED ENTRY--TOPICAL TERM | |
| Topical term or geographic name as entry element | Java (Computer program language) |
| 650 #0 - SUBJECT ADDED ENTRY--TOPICAL TERM | |
| Topical term or geographic name as entry element | Data structures (Computer science) |
| 700 1# - ADDED ENTRY--PERSONAL NAME | |
| Personal name | Prichard, Janet J. |
| 906 ## - LOCAL DATA ELEMENT F, LDF (RLIN) | |
| a | 7 |
| b | cbc |
| c | orignew |
| d | 1 |
| e | ocip |
| f | 20 |
| g | y-gencatlg |
| 942 ## - ADDED ENTRY ELEMENTS (KOHA) | |
| Source of classification or shelving scheme | Library of Congress Classification |
| Koha item type | Book |
| Withdrawn status | Lost status | Source of classification or shelving scheme | Damaged status | Not for loan | Collection code | Home library | Current library | Shelving location | Date acquired | Source of acquisition | Cost, normal purchase price | Total Checkouts | Full call number | Barcode | Date checked out | Price effective from | Koha item type |
|---|---|---|---|---|---|---|---|---|---|---|---|---|---|---|---|---|---|
| Library of Congress Classification | Non-fiction | Bishop Okullu Memorial Library (Limuru Campus) | Bishop Okullu Memorial Library (Limuru Campus) | General Circulation | 03/05/2017 | Donation-BFA | 3500.00 | 1 | QA76.73.J3 C37 2004 | 053125 | 18/11/2020 | 03/05/2017 | Book |